Les Homonymes - Olympiques de Marseille - Statistiques

Statistiques générales
  • Ce quiz a été pris 187 fois
    90 depuis la dernière actualisation
  • Le résultat moyen est 5 sur 14
Statistiques - réponses
Hint Réponse % Correct
2007-2015 // 2009-2014 Ghana // Ghana André et Jordan AYEW
77%
2008-2010 // 2024-... Côte d'Ivoire // Canada Bakari et Ismaël KONE
68%
2016-2020 // 2023-... Sénégal // Sénégal Bouna et Ismaïla SARR
51%
2016-2020 // 2021-... France // Espagne Maxime et Pau LOPEZ
48%
2007-2013 // 2022-2023 Burkina Faso // Burkina Faso Charles et Issa KABORE
44%
2000-2006 // 2023-... Côte d'Ivoire // Côte d'Ivoire Abdoulaye et Bamo MEITE
43%
2003-2005 // 2004-2013 // 2023-2024 Sénégal // Sénégal // Sénégal Sylvain, Leyti et Iliman N'DIAYE
37%
2004-2005 // 2007-2014 France // France Bruno et Benoit CHEYROU
27%
2011-2012 // 2015-2017 France // France Alou et Lassana DIARRA
23%
1999-2000 // 2009-2014 Sénégal // Sénégal Kaba et Souleymane DIAWARA
23%
2013-2016 // 2015-2016 France // Sénégal Benjamin et Edouard MENDY
19%
2007-2009 // 2009-2010 France // France Djibril et Edouard CISSE
19%
2002-2004 // 2019- 2022 France (entr.) // France Alain et Lucas PERRIN
15%
1999-2000 // 2002-2003 France // France Stéphane et Wilfried DALMAT
0%
Aucun quiz correspondant
Distribution des résultats
% des personnes avec chaque résultat
Percentile par nombre de réponses
Votre historique - résultats
Vous n’avez pas pris ce quiz depuis la dernière actualisation